| 000 | 01015nam a2200361Ia 4500 | ||
|---|---|---|---|
| 001 | 3220 | ||
| 005 | 20240113233619.0 | ||
| 007 | ta | ||
| 008 | 170829s2000 ii g b000 u 465 u | ||
| 020 | _a0-14-027825-7 | ||
| 040 | _aCotton College Assam | ||
| 041 | _aeng | ||
| 082 |
_a954 _bCh 36 In |
||
| 100 | _aChandra, Bipan . | ||
| 245 | 0 |
_aIndia After Independence ; 1947-2000 / _cBipan Chandra, Mridula Mukherjee and Aditya Mukherjee. _hTextual Documents |
|
| 250 | _a1st ed. / | ||
| 260 |
_aNew Delhi : _bPenguin Book , _c2000. |
||
| 300 |
_a549p. ; _c21cm. |
||
| 504 | _aNotes,Bibliography,Index. | ||
| 653 | _aHistory-India,India After Independence | ||
| 653 | _aPolitical Science | ||
| 653 | _aIndependence-India | ||
| 653 | _aPG-Political Science | ||
| 653 | _aG-History | ||
| 700 | _aMukherjee, Mridula . | ||
| 700 | _aMukherjee, Aditya . | ||
| 942 |
_2ddc _cBK |
||
| 999 |
_c3208 _d3208 |
||